Countries by total fertility rate - Statistics

General Stats
  • This quiz has been taken 50 times
  • The average score is 25 of 30
Answer Stats
Place Rate Country % Correct
1 6.6 Niger
100%
3 6.0 DR Congo
98%
8 5.0 Nigeria
98%
6 5.7 Mali
93%
16 4.3 Sudan
93%
2 6.0 Chad
91%
26 4.0 Congo
91%
28 3.9 Ethiopia
91%
4 6.0 Somalia
91%
23 4.1 South Sudan
91%
17 4.2 Cameroon
89%
20 4.2 Senegal
86%
12 4.5 Tanzania
86%
7 5.0 Angola
84%
5 5.7 Central African Republic
84%
22 4.1 Guinea
84%
14 4.4 Mozambique
84%
21 4.2 Uganda
84%
25 4.1 Zambia
84%
10 4.7 Benin
82%
11 4.5 Burkina Faso
82%
9 4.8 Burundi
82%
13 4.4 Gambia
80%
19 4.2 Mauritania
77%
24 4.1 Togo
77%
18 4.2 Ivory Coast
75%
29 3.9 Liberia
75%
15 4.3 Afghanistan
73%
27 4.0 Equatorial Guinea
55%
30 3.8 Comoros
32%
No matching quizzes found
Score Distribution
Percent of People with Each Score
Percentile by Number Answered
Your Score History
You have not taken this quiz